Le temps musical: essai d'une esthétique nouvelle de la musique

Enregistré dans:
Détails bibliographiques
Auteur principal: Brelet, Gisèle (Auteur)
Format: Livre
Langue:français
Publié: París Presses Universitaires de France 1949
Collection:Bibliothèque de Philosophie Contemporiane
Sujets:
Tags: Ajouter un tag
Pas de tags, Soyez le premier à ajouter un tag!

MARC

LEADER 00000nam a2200000 a 4500
001 UCN3258
003 CL-VaPUC
008 010622e19490000FR |||||||||||||||||fre|d
082 0 4 |a 781.17  |b BRE  |2 21 
100 0 |a Brelet, Gisèle  |e author  |9 459733 
245 1 3 |a Le temps musical: essai d'une esthétique nouvelle de la musique 
300 |a 2 v 
942 |c BK 
945 |d 20010622 00:00:00  |a crobeson 
260 |a París  |b Presses Universitaires de France  |c 1949 
500 |a v.1: La forme sonore et la forme rythmique 
500 |a v.2: La forme musicale 
650 0 |a Estética musical  |9 265497 
650 0 |a Teoría musical  |9 265760 
650 0 |a Formas musicales  |9 306416 
650 0 |a Elementos musicales  |9 306544 
650 7 |a RITMO MUSICAL  |2 CL-VaPUC  |9 459734 
583 |a last modification  |c 20010622 00:00:00  |k Rodrigo Vera 
490 0 |a Bibliothèque de Philosophie Contemporiane 
999 |c 296183  |d 296181 
952 |0 0  |1 0  |4 0  |6 781_170000000000000_BRE_1949  |7 0  |8 A  |9 349799  |a BIBEDU  |b BIBEDU  |d 2019-11-20  |h v.1  |i 1187767  |o 781.17 BRE 1949  |p 1187767  |r 2022-03-17  |w 2019-11-20  |y BK  |k MUS 
952 |0 0  |1 0  |4 0  |6 781_170000000000000_BRE_1949  |7 0  |8 A  |9 349800  |a BIBEDU  |b BIBEDU  |d 2019-11-20  |h v.2  |i 1187775  |o 781.17 BRE 1949  |p 1187775  |r 2022-01-17  |w 2019-11-20  |y BK  |k MUS 
952 |0 0  |1 0  |4 0  |6 781_170000000000000_BRE_1949  |7 0  |8 A  |9 349801  |a BIBEDU  |b BIBEDU  |d 2019-11-20  |h v.1  |i 1187783  |o 781.17 BRE 1949  |p 1187783  |r 2023-01-12  |w 2019-11-20  |y BK  |k MUS 
952 |0 0  |1 0  |4 0  |6 781_170000000000000_BRE_1949  |7 0  |8 A  |9 349802  |a BIBEDU  |b BIBEDU  |d 2019-11-20  |h v.2  |i 1187791  |o 781.17 BRE 1949  |p 1187791  |r 2023-01-12  |w 2019-11-20  |y BK  |k MUS